000 00566nam a2200169Ia 4500
008 220216s9999 xx 000 0 und d
100 _aDaiqun Xiong
245 0 _aRubber factory effluents treatment with UASAB-stabilization pond-oxidation ditch method
260 _bPreprints of Papers. International Natural Rubber Conference 13-14 November 2006, Vietnam, pp.482-488.
650 _aOxidation ditch
650 _aRubber factory effluents
650 _aStabilization pond
650 _aUASB
700 _aJusheng Jiang
700 _aQunhui Wang
942 _cJS
999 _c67580
_d67580